00928nam a22002777a 4500001000500000005001700005020001800022040003100040050001300071082000800084100002000092245013600112250005100248260003900299300003700338490002000375505000700395520013100402521002000533521001800553650000800571650001200579650001700591650000800608700003400616232420240719092253.0 a9780689834431 aFISKHbengcFISKH dFISKH  aPZ7.R982 a507 aRylant, Cynthia aHenry and Mudge and Annie's perfect pet /cThe Twentieth Book of Their Adventures by Cynthia Rylant illustrated by Sucie Stenvenson aFirst Alladin Paperbacks Edition February 2001 aNew York :bSimon Spotlight,c2000 a31 pages :billustrationsc23 cm aHenry and Mudge aJ  aAlthough Henry's cousin Annie likes his dog Mudge, when she gets her own pet she decides that a bunny will be perfect for her. a490 bLexile  aJ bRaz-Plus  adog aanimals awild animals apet aStevenson, SucieeIllustrator